'UMDAT AL-MUHTAJIN : (Record no. 201031)

MARC details
000 -LEADER
fixed length control field 01242nam a2200325 i 4500
005 - DATE AND TIME OF LATEST TRANSACTION
control field 20251021130046.0
008 - FIXED-LENGTH DATA ELEMENTS--GENERAL INFORMATION
fixed length control field 251005t20242024my gr 001 0 may d
020 ## - INTERNATIONAL STANDARD BOOK NUMBER
International Standard Book Number 9789672422648
Terms of availability RM55.00
Qualifying information paperback
040 ## - CATALOGING SOURCE
Original cataloging agency PPAK
Language of cataloging eng
Transcribing agency PPAK
Description conventions rda
082 04 - DEWEY DECIMAL CLASSIFICATION NUMBER
Edition number 23
Classification number 297.4
090 00 - LOCALLY ASSIGNED LC-TYPE CALL NUMBER (OCLC); LOCAL CALL NUMBER (RLIN)
Classification number (OCLC) (R) ; Classification number, CALL (RLIN) (NR) 297.4
Feature heading ABD
Feature heading G
100 0# - MAIN ENTRY--PERSONAL NAME
Personal name 'Abd Al-Ra'uf bin 'Ali Al-Fansuri Al-Jawi,
Titles and words associated with a name Shaykh,
Dates associated with a name 1615-1693,
Relator term author.
245 10 - TITLE STATEMENT
Title 'UMDAT AL-MUHTAJIN :
Remainder of title ILA SULUK MASLAK AL-MUFRIDIN /
Statement of responsibility, etc. SHAYKH 'ABD AL-RA'UF BIN 'ALI AL-FANSURI AL-JAWI ; Pengenalan, Tahqiq dan Perumian RIDWAN ARIF ; Ta'liq Hadith MUHD ZUL'AZRI JUNAIDI
264 #1 - PRODUCTION, PUBLICATION, DISTRIBUTION, MANUFACTURE, AND COPYRIGHT NOTICE
Place of production, publication, distribution, manufacture Kajang, Selangor :
Name of producer, publisher, distributor, manufacturer Akademi Jawi Malaysia Sdn Bhd,
Date of production, publication, distribution, manufacture, or copyright notice 2024
Date of production, publication, distribution, manufacture, or copyright notice ©2024
300 ## - PHYSICAL DESCRIPTION
Extent xvii, 226 pages ;
Dimensions 22 cm
336 ## - CONTENT TYPE
Content type term text
Source rdacontent
337 ## - MEDIA TYPE
Media type term unmediated
Source rdamedia
338 ## - CARRIER TYPE
Carrier type term volume
Source rdacarrier
500 ## - GENERAL NOTE
General note Includes index
General note Contains verses from the Qur'an and quotes from the Hadith
504 ## - BIBLIOGRAPHY, ETC. NOTE
Bibliography, etc. note Bibliography: pages 207-214
546 ## - LANGUAGE NOTE
Language note Text in Malay and Jawi script
650 10 - SUBJECT ADDED ENTRY--TOPICAL TERM
Topical term or geographic name entry element Sufism
Topical term or geographic name entry element Worship (Islam)
Topical term or geographic name entry element Islam
General subdivision Doctrines
700 0# - ADDED ENTRY--PERSONAL NAME
Personal name Ridwan Arif,
Titles and other words associated with a name Dr.,
Relator term translator.
Personal name Muhd. Zul'azri Junaidi,
Relator term editor.
942 ## - ADDED ENTRY ELEMENTS (KOHA)
Source of classification or shelving scheme Dewey Decimal Classification
Koha item type Book
Holdings
Withdrawn Not for loan Current library Shelving location Date acquired Total Checkouts Full call number Barcode Date last seen Date last checked out Koha item type
    Perpustakaan Alor Setar Pinjaman Dewasa 29/10/2025 3 297.4 ABD A01886086 06/01/2026 06/01/2026 Book
    Perpustakaan Awam Sungai Petani Pinjaman Dewasa 29/10/2025   297.4 ABD A01886087 29/10/2025   Book
    Perpustakaan Jitra Pinjaman Dewasa 29/10/2025   297.4 ABD A01886088 29/10/2025   Book
    Perpustakaan Kulim Pinjaman Dewasa 29/10/2025   297.4 ABD A01886090 29/10/2025   Book
    Perpustakaan Langkawi Pinjaman Dewasa 29/10/2025   297.4 ABD A01886089 29/10/2025   Book